000
00309nam a22001457a 4500
003
SGT
082
_a
346.02,BUR
100
_a
BURROWS,ANDREW
245
_a
A CASE BOOK ON CONTRACT
250
_a
4TH
260
_a
PORTLAND
_b
HART PUBLICATION
_c
2013
300
_a
839
650
_a
PRIVATE LAW
942
_2
ddc
_c
BK
999
_c
9530
_d
9530